00436pab a2200145 454500008004000000100002200040245007400062260000900136300001600145362001100161650003500172650002700207700002200234773003400256180718b2006 xxu||||| |||| 00| 0 eng d aTaganas, Rey A.L. aInnovation systems in India's IT industry: an empirical investigation c2006 ap.4178-186. a30 Sep aInformation technology - India aInformation technology aKaul, Vijay Kumar aEconomic and Political Weekly